Human Resource Analytics (Record no. 13950)
[ view plain ]
| 000 -LEADER | |
|---|---|
| fixed length control field | 00439nam a22001817a 4500 |
| 003 - CONTROL NUMBER IDENTIFIER | |
| control field | OSt |
| 008 - FIXED-LENGTH DATA ELEMENTS--GENERAL INFORMATION | |
| fixed length control field | 260502b |||||||| |||| 00| 0 eng d |
| 020 ## - INTERNATIONAL STANDARD BOOK NUMBER | |
| International Standard Book Number | 9789356936119 |
| 082 ## - DEWEY DECIMAL CLASSIFICATION NUMBER | |
| Classification number | 658.3 PAH |
| 100 ## - MAIN ENTRY--PERSONAL NAME | |
| Personal name | PATIL,Rekha N |
| 245 ## - TITLE STATEMENT | |
| Title | Human Resource Analytics |
| 250 ## - EDITION STATEMENT | |
| Edition statement | 1st Ed |
| 260 ## - PUBLICATION, DISTRIBUTION, ETC. (IMPRINT) | |
| Place of publication, distribution, etc | New Delhi |
| Name of publisher, distributor, etc | Himalaya Publishing |
| Date of publication, distribution, etc | 2023 |
| 300 ## - PHYSICAL DESCRIPTION | |
| Extent | 432p. |
| 700 ## - ADDED ENTRY--PERSONAL NAME | |
| Personal name | HIREGOUDAR,Shilpa S |
| 942 ## - ADDED ENTRY ELEMENTS (KOHA) | |
| Source of classification or shelving scheme | Dewey Decimal Classification |
| Koha item type | Reference Books |
| Withdrawn status | Lost status | Source of classification or shelving scheme | Damaged status | Not for loan | Collection code | Home library | Current library | Date acquired | Source of acquisition | Currency | Cost, normal purchase price | Bill Number | Total Checkouts | Full call number | Acc. no. / Barcode | Date last seen | Actual Cost, discounted price | Bill Date | Koha item type |
|---|---|---|---|---|---|---|---|---|---|---|---|---|---|---|---|---|---|---|---|
| Dewey Decimal Classification | MBA | PIET C-LIBRARY | PIET C-LIBRARY | 22/04/2026 | Zaffa Books | INR | 1575.00 | ZBD2026-27-0024 | 658.3 PAH | 40038 | 02/05/2026 | 1141.87 | 22/04/2026 | Reference Books | |||||
| Dewey Decimal Classification | MBA | PIET C-LIBRARY | PIET C-LIBRARY | 22/04/2026 | Zaffa Books | INR | 1575.00 | ZBD2026-27-0024 | 658.3 PAH | 40039 | 02/05/2026 | 1141.87 | 22/04/2026 | Text Books | |||||
| Dewey Decimal Classification | BBA(Business Analytics) | PIET C-LIBRARY | PIET C-LIBRARY | 13/05/2026 | Zafaa Books and Distributors | INR | 1575.00 | ZBD2026-27-0042 | 658.3 PAH | 40253 | 21/05/2026 | 1141.88 | 13/05/2026 | Reference Books |